Famous Americans - Statistics

General Stats
  • This quiz has been taken 60 times
  • The average score is 10 of 15
Answer Stats
Hint Answer % Correct
The first Black President. Barack Obama
96%
The first President. George Washington
96%
The President who abolished slavery. Abraham Lincoln
94%
The first man to walk on the moon. Neil Armstrong
90%
He had a dream! Martin Luther King
88%
Created the first affordable automobile. Henry Ford
86%
Known as 'The King.' Elvis Presley
76%
Author of 'Adventures of Huckleberry Finn.' Mark Twain
75%
'I want you for the United States Army' Uncle Sam
75%
Directed films such as Jaws and Saving Private Ryan. Steven Spielberg
73%
General who lost 'The Batte of Little Bighorn.' George Custer
63%
Wrote 'Death of a Salesman.' Arthur Miller
43%
Creator of 'The Simpsons' and 'Futurama.' Matt Groening
41%
Steve Rogers Captain America
37%
Painted the picture of George Washington used on the dollar bill. Gilbert Stuart
10%
No matching quizzes found
Score Distribution
Percent of People with Each Score
Percentile by Number Answered
Your Score History
You have not taken this quiz